000 01377cam a22003734a 4500
001 16499062
003 OSt
005 20240412103736.0
008 101013s2007 maua b 000 0 eng c
010 _a 2010518262
016 7 _a101317440
_2DNLM
020 _a9781601460134
020 _a1601460139
035 _a(OCoLC)ocn154759255
040 _aNLM
_cNLM
_dBTCTA
_dBAKER
_dEYU
_dYDXCP
_dDLC
042 _apcc
050 0 0 _aRT23
_b.B37 2007
060 0 0 _a2007 J-964
060 1 0 _aWY 87
_bB287s 2007
082 0 0 _a005.1 HAL 1995.
_223
100 1 _aBartholomew, Kathleen.
_916874
245 1 0 _aStressed Out:
_babout communication skills
260 _aMarblehead, MA :
_bHCPro Inc.,
_c1995
300 _axiv, 153 p. :
_bill. ;
_c24 cm.
504 _aIncludes bibliographical references (p. 151-153).
505 0 _aNurse-to-patient -- Nurse-to-nurse -- Nurse-to-physician -- Nurse-to-manager.
650 0 _aCommunication
_911738
650 1 2 _aInterprofessional Relations.
_916539
856 4 2 _3Publisher description
_uhttp://www.loc.gov/catdir/enhancements/fy1409/2010518262-d.html
856 4 2 _3Contributor biographical information
_uhttp://www.loc.gov/catdir/enhancements/fy1502/2010518262-b.html
906 _a7
_bcbc
_cpccadap
_d2
_encip
_f20
_gy-gencatlg
942 _2ddc
_cO_SHELF
999 _c8254
_d8254